|
|
|
|
| LEADER |
00738nam a2200253Ia 4500 |
| 008 |
240829s9999 xx 000 0 und d |
| 020 |
|
|
|a 978-607-442-909-1
|
| 040 |
|
|
|a BIBLIOTECA-RUSB/ 378 T629
|
| 041 |
|
|
|a spa
|
| 082 |
|
|
|a 378 T629
|
| 100 |
1 |
|
|a Tobón Tobón, Sergio
|
| 100 |
1 |
|
|b Pimienta Prieto, Julio H.
|
| 100 |
1 |
|
|c García Fraile, Juan Antonio
|
| 245 |
1 |
0 |
|a Secuencias didáctica : aprendizaje y evaluación de competencias
|
| 260 |
|
|
|a México
|b Pearson
|c 2010
|
| 300 |
|
|
|a 216 p. :il.
|
| 650 |
7 |
|
|a EDUCACIÓN – HUMANIDADES
|
| 650 |
7 |
|
|b FORMACIÓN DE COMPETENCIAS
|
| 650 |
7 |
|
|c SECUENCIAS DIDÁCTICAS
|
| 650 |
7 |
|
|d EVALUACIÓN
|
| 650 |
7 |
|
|e METODOLOGÍA
|
| 942 |
|
|
|c BK
|2 ddc
|
| 991 |
|
|
|a TEXTO
|
| 999 |
|
|
|c 1162
|